000 00769nam0a22002651 4500
001 v19\rc\1977044
005 20251118181143.3
035 _a(NLR Aleph) 005060776
090 _a6993770
_c6993770
100 _a20080623d1914 u y0rusy50 ca
101 0 _arus
102 _aRU
105 _ay z |||||
200 1 _aНовейшие анекдоты муллы Наср-Эддина
_fСост. А. Мираков
210 _aТифлис
_cБ. Арнаутов
_d1914
215 _a24 с.
_d24
300 _aНа тит. л.: № 10
700 1 _aМираков
_bА.
_4220
801 0 _aRU
_bNLR
_gpsbo
801 0 _aRU
_bRuMoRGB
_2psbo
801 1 _aRU
_bProSoft-M
_2rusmarc
852 _aNLR
_j37.53.5.590
899 _aRuMoRGB
_jV 116/1261
942 _cBOOK
980 _aNB